Ručenie v pracovnom práve

Ručenie v pracovnom práve. Spoločné rysy a odlišnosti ručenia v pracovnoprávnych a občianskoprávnych vzťahoch.

Uložené v:
Podrobná bibliografia
Hlavný autor: Poruban, Andrej
Médium: Kapitola
Jazyk:Slovak
Predmet:
Tagy: Pridať tag
Žiadne tagy, Buďte prvý, kto otaguje tento záznam!

MARC

LEADER 00000naa a2200000 4500
001 0237767
005 20220805073123.9
041 0 |a slo 
044 |a SK 
245 1 0 |a Ručenie v pracovnom práve  |c Andrej Poruban 
520 |a Ručenie v pracovnom práve. Spoločné rysy a odlišnosti ručenia v pracovnoprávnych a občianskoprávnych vzťahoch. 
610 2 0 |a právo pracovné 
610 2 0 |a ručenie 
610 2 0 |a vzťahy pracovnoprávne 
610 2 0 |a vzťahy občianskoprávne 
100 1 |a Poruban, Andrej